Statistics for U.S. States with the Largest Icelandic Populations

Click here to take the quiz!

General Stats

  • This quiz has been taken 99 times
  • The average score is 7 of 10

Answer Stats

RankIcelandic PopulationState% Correct
51,427New York
98%
15,976Washington
79%
61,348Florida
79%
91,147Texas
78%
23,165Minnesota
72%
10981Illinois
72%
81,156Ohio
71%
71,200Oregon
70%
33,161North Dakota
64%
42,970Utah
46%

Score Distribution

Percentile by Number Answered

Percent of People with Each Score

Your Score History

You have not taken this quiz